Rues du 11ème arrondissement - Statistiques

Statistiques générales
  • Ce quiz a été pris 17 fois
  • Le résultat moyen est 15 sur 316
Statistiques - réponses
Hint Réponse % Correct
V Boulevard Voltaire
71%
N Place de la Nation
59%
C Rue de Charonne
59%
R Place de la République
53%
R Rue de la Roquette
53%
R Avenue de la République
47%
B Place de la Bastille
47%
A Rue Amelot
47%
C Rue du Chemin Vert
47%
O Rue Oberkampf
47%
S Rue Saint Maur
41%
R Boulevard Richard Lenoir
35%
P Avenue Parmentier
29%
M Rue de Montreuil
29%
B Rue des Boulets
29%
F Rue du Faubourg Saint Antoine
29%
P Avenue Philippe Auguste
24%
T Boulevard du Temple
24%
L Place Léon Blum
24%
B Rue Bréguet
24%
F Rue de la Folie Méricourt
24%
L Rue de Lappe
24%
J Rue Jean Pierre Timbaud
24%
S Rue Saint Sébastien
24%
V Allée Verte
18%
B Boulevard Beaumarchais
18%
B Boulevard de Belleville
18%
M Boulevard de Ménilmontant
18%
F Boulevard des Filles du Calvaire
18%
A Rue Alexandre Dumas
18%
C Rue de Crussol
18%
M Rue de Malte
18%
P Rue du Pasteur Wagner
18%
M Rue Moufle
18%
S Rue Saint Ambroise
18%
L Avenue Ledru Rollin
12%
C Boulevard de Charonne
12%
J Boulevard Jules Ferry
12%
S Passage Saint Sébastien
12%
T Passage Turquetil
12%
B Rue Boulle
12%
C Rue Chanzy
12%
F Rue de la Folie Régnault
12%
F Rue du Faubourg du Temple
12%
P Rue Pelée
12%
S Rue Saint Sabin
12%
S Rue Sedaine
12%
V Rue Voltaire
12%
T Cité des Trois Bornes
6%
V Cité Voltaire
6%
S Impasse Saint Sébastien
6%
B Passage Beslay
6%
F Passage de la Folie Régnault
6%
B Passage du Bureau
6%
J Passage du Jeu de Boules
6%
S Passage Saint Ambroise
6%
S Passage Sainte Anne Popincourt
6%
S Passage Saint Pierre Amelot
6%
S Passage Salarnier
6%
F Place de la Fontaine Timbaud
6%
A Place des Antilles
6%
P Place Pasdeloup
6%
A Rue Alphonse Baudin
6%
C Rue Charles Luizet
6%
C Rue Clotilde de Vaux
6%
D Rue Daval
6%
C Rue de la Croix Faubin
6%
F Rue de la Fontaine au Roi
6%
P Rue de la Pierre Levée
6%
A Rue de l'Asile Popincourt
6%
N Rue de Nice
6%
I Rue des Immeubles Industriels
6%
T Rue des Trois Bornes
6%
G Rue du Grand Prieuré
6%
E Rue Émile Lepeu
6%
F Rue Faidherbe
6%
F Rue Froment
6%
G Rue Gaby Sylvia
6%
M Rue Marcel Grommaire
6%
N Rue Neuve Popincourt
6%
N Rue Nicolas Appert
6%
S Rue Scarron
6%
S Rue Servan
6%
T Rue Trousseau
6%
P Allée du Philosophe
0%
H Allée Hanna Kamieniecki
0%
M Allée Maria Doriath
0%
M Allée Maya Surduts
0%
M Allée Mireille Knoll
0%
N Allée Neus Català
0%
N Allée Nicole Girard Mangin
0%
P Allée Pauline Léon
0%
P Allée Pierre Bérégovoy
0%
S Allée Stefa Skurnik
0%
S Allée Suzanne Noël
0%
Z Allée Zabel Essayan
0%
B Avenue de Bouvines
0%
T Avenue de Taillebourg
0%
T Avenue du Trône
0%
J Avenue Jean Aicard
0%
B Cité Beauharnais
0%
B Cité Bertrand
0%
A Cité d'Angoulême
0%
C Cité de Crussol
0%
A Cité de l'Ameublement
0%
R Cité de la Roquette
0%
D Cité Delaunay
0%
A Cité de l'Avenir
0%
I Cité de l'Industrie
0%
P Cité de Phalsbourg
0%
C Cité du Couvent
0%
F Cité du Figuier
0%
D Cité Dupont
0%
D Cité Durmar
0%
G Cité Griset
0%
I Cité Industrielle
0%
J Cité Joly
0%
P Cité Parchappe
0%
P Cité Popincourt
0%
P Cité Prost
0%
R Cité Ribot
0%
S Cité Souzy
0%
D Cour Damoye
0%
D Cour Debille
0%
M Cour de la Maison Brûlée
0%
D Cour Delépine
0%
E Cour de l'Étoile d'Or
0%
I Cour de l'Industrie
0%
O Cour de l'Ours
0%
F Cour des Fabriques
0%
T Cour des Trois Frères
0%
C Cour du Cantal
0%
C Cour du Coq
0%
N Cour du Nom de Jésus
0%
P Cour du Panier Fleuri
0%
S Cour du Saint Esprit
0%
J Cour Jacques Viguès
0%
Q Cour Quellard
0%
S Cour Saint Joseph
0%
S Cour Saint Louis
0%
S Cour Saint Nicolas
0%
S Cour Sedaine
0%
V Cour Viguès
0%
A Esplanade André Tollet
0%
R Esplanade Renée Lebas
0%
R Esplanade Roger Joseph Boscovich
0%
R Esplanade Roger Linet
0%
A Impasse Amelot
0%
B Impasse Bon Secours
0%
C Impasse Carrière Mainguet
0%
C Impasse Charles Petit
0%
D Impasse Daunay
0%
B Impasse de la Baleine
0%
D Impasse Delaunay
0%
M Impasse de Mont Louis
0%
J Impasse des Jardiniers
0%
T Impasse des Trois Soeurs
0%
B Impasse du Bureau
0%
F Impasse Franchemont
0%
J Impasse Joudrier
0%
L Impasse Lamier
0%
M Impasse Morlet
0%
P Impasse Piver
0%
P Impasse Popincourt
0%
Q Impasse Questre
0%
T Impasse Truillot
0%
P Mail Pierre Desproges
0%
A Passage Alexandrine
0%
B Passage Basfroi
0%
B Passage Bullorde
0%
C Passage Charles Dallery
0%
C Passage Courtois
0%
B Passage de la Bonne Graine
0%
F Passage de la Fonderie
0%
M Passage de la Main d'Or
0%
P Passage de la Petite Voirie
0%
A Passage de l'Asile
0%
M Passage de Ménilmontant
0%
E Passage des Eaux-Vives
0%
P Passage des Primevères
0%
T Passage des Taillandiers
0%
C Passage du Chemin Vert
0%
C Passage du Cheval Blanc
0%
D Passage Dudouy
0%
D Passage Dumas
0%
T Passage du Trône
0%
G Passage Guénot
0%
G Passage Guilhem
0%
G Passage Gustave Lepeu
0%
J Passage Josset
0%
L Passage Lhomme
0%
L Passage Lisa
0%
L Passage Louis Philippe
0%
P Passage Philippe Auguste
0%
P Passage Piver
0%
R Passage Rauch
0%
R Passage Rochebrune
0%
S Passage Saint Antoine
0%
S Passage Saint Bernard
0%
S Passage Saint Maur
0%
S Passage Saint Sabin
0%
T Passage Thiéré
0%
V Passage Viallet
0%
D Place Darno Maffini
0%
H Place du 8 février 1962
0%
P Place du Père Chaillet
0%
H Place Hubertine Auclert
0%
J Place Jean Ferrat
0%
M Place Marek Edelman
0%
M Place Marie José Nicoli
0%
M Place Mireille Havet
0%
A Promenade Alain Devaquet
0%
C Promenade Claire Lacombe
0%
A Rue Abel-Rabaud
0%
A Rue Auguste Barbier
0%
A Rue Auguste Laurent
0%
B Rue Basfroi
0%
B Rue Bouvier
0%
C Rue Camille Desmoulins
0%
C Rue Carrière Mainguet
0%
C Rue Cesselin
0%
C Rue Charles Delescluze
0%
C Rue Charrière
0%
C Rue Chevreul
0%
C Rue Condillac
0%
C Rue Crespin du Gast
0%
D Rue Darboy
0%
B Rue de Belfort
0%
B Rue de Bouvines
0%
C Rue de Candie
0%
D Rue de Dahomey
0%
D Rue Deguerry
0%
F Rue de la Forge Royale
0%
M Rue de la Main d'Or
0%
P Rue de la Petite Pierre
0%
P Rue de la Présentation
0%
O Rue de l'Orillon
0%
M Rue de Mont Louis
0%
N Rue de Nemours
0%
P Rue de Paris
0%
D Rue Desargues
0%
G Rue des Goncourt
0%
N Rue des Nanettes
0%
T Rue des Taillandiers
0%
T Rue des Trois Couronnes
0%
T Rue de Tunis
0%
V Rue de Vaucouleurs
0%
D Rue Dranem
0%
C Rue du Chevet
0%
C Rue du Commandant Lamy
0%
G Rue du Général Blaise
0%
G Rue du Général Guilhem
0%
G Rue du Général Renault
0%
M Rue du Marché Popincourt
0%
M Rue du Morvan
0%
M Rue du Moulin Joly
0%
D Rue Duranti
0%
E Rue Édouard Lockroy
0%
F Rue Félix Voisin
0%
F Rue François de Neufchâteau
0%
G Rue Gambey
0%
G Rue Gerbier
0%
G Rue Gobert
0%
G Rue Godefroy Cavaignac
0%
G Rue Guénot
0%
G Rue Guillaume Bertrand
0%
H Rue Henri Ranvier
0%
J Rue Jacquard
0%
J Rue Japy
0%
J Rue Jean Macé
0%
J Rue Jules Vallès
0%
J Rue Jules Verne
0%
K Rue Keller
0%
L Rue Lacharrière
0%
L Rue la Vacquerie
0%
L Rue Léchevin
0%
L Rue Léon Frot
0%
L Rue Louis Bonnet
0%
M Rue Maillard
0%
M Rue Marguerite Gonnet
0%
M Rue Marguerite Moret
0%
M Rue Mercoeur
0%
M Rue Merlin
0%
M Rue Morand
0%
N Rue Neuve des Boulets
0%
O Rue Omer Talon
0%
P Rue Pache
0%
P Rue Pasteur
0%
P Rue Paul Bert
0%
P Rue Pétion
0%
P Rue Pihet
0%
P Rue Plichon
0%
R Rue Rampon
0%
R Rue René Villermé
0%
R Rue Richard Lenoir
0%
R Rue Robert et Sonia Delaunay
0%
R Rue Robert Houdin
0%
R Rue Rochebrune
0%
R Rue Roubo
0%
S Rue Saint Bernard
0%
S Rue Saint Hubert
0%
S Rue Spinoza
0%
T Rue Ternaux
0%
T Rue Titon
0%
T Rue Toussaint Louverture
0%
V Rue Victor Gelez
0%
M Square Marcel Rajman
0%
S Square Saint Irénée
0%
S Square Servan
0%
C | J Terrasse du Commandant Jacques Blasquez
0%
C Villa du Clos de Malevart
0%
M Villa du Moulin Dagobert
0%
G Villa Gaudelet
0%
M Villa Marcès
0%
N Villa Nicolas de Blégny
0%
Aucun quiz correspondant
Distribution des résultats
% des personnes avec chaque résultat
Percentile par nombre de réponses
Votre historique - résultats
Vous n’avez pas pris ce quiz